Gerardo Martino's Argentina - Statistics

General Stats
  • This quiz has been taken 8 times
  • The average score is 26 of 49
Answer Stats
Rank Player Position Nationality Matches Goals Assists % Correct
9 Gonzalo Higuaín Centre-Forward 20 9 4
100%
8 Lionel Messi Right Winger 20 13 9
100%
7 Sergio Agüero Centre-Forward 21 12 5
100%
2 Ángel Di María Right Winger 24 7 9
86%
24 Augusto Fernández Central Midfield 7 0 0
86%
28 Emmanuel Más Left-Back 4 0 0
86%
13 Ezequiel Lavezzi Second Striker 14 5 4
86%
34 Federico Fernández Centre-Back 2 1 0
86%
3 Javier Mascherano Defensive Midfield 24 0 1
86%
6 Marcos Rojo Centre-Back 21 1 3
86%
5 Nicolás Otamendi Centre-Back 22 1 0
86%
16 Pablo Zabaleta Right-Back 11 0 1
86%
27 Enzo Pérez Defensive Midfield 5 0 0
71%
22 Ezequiel Garay Centre-Back 7 0 0
71%
20 Gabriel Mercado Centre-Back 9 2 0
71%
12 Javier Pastore Attacking Midfield 14 2 4
71%
10 Lucas Biglia Defensive Midfield 19 1 1
71%
1 Sergio Romero Goalkeeper 25 0 0
71%
15 Carlos Tevez Centre-Forward 12 0 0
57%
4 Éver Banega Central Midfield 23 2 4
57%
42 Federico Fazio Centre-Back 1 0 0
57%
39 Gonzalo Rodríguez Centre-Back 1 0 0
57%
21 Martín Demichelis Centre-Back 9 0 0
57%
31 Paulo Dybala Second Striker 3 0 0
57%
14 Ramiro Funes Mori Centre-Back 13 0 0
57%
19 Roberto Pereyra Central Midfield 10 0 1
57%
32 Cristian Ansaldi Left-Back 2 1 0
43%
26 Fernando Gago Defensive Midfield 5 0 0
43%
45 Hugo Campagnaro Centre-Back 1 0 0
43%
47 Mariano Andújar Goalkeeper 1 0 0
43%
25 Nahuel Guzmán Goalkeeper 5 0 0
43%
48 Ricardo Álvarez Central Midfield 1 0 0
43%
49 Agustín Marchesín Goalkeeper 1 0 0
29%
29 Ángel Correa Right Winger 4 1 0
29%
11 Erik Lamela Right Winger 16 3 0
29%
17 Facundo Roncaglia Centre-Back 11 0 0
29%
37 Jonatan Maidana Centre-Back 2 0 0
29%
43 Mateo Musacchio Centre-Back 1 0 0
29%
23 Matías Kranevitter Defensive Midfield 7 0 1
29%
36 Milton Casco Left-Back 2 0 1
29%
33 Santiago Vergini Centre-Back 2 0 0
29%
30 Victor Cuesta Centre-Back 3 1 0
29%
35 Federico Mancuello Central Midfield 2 1 0
14%
46 Gino Peruzzi Right-Back 1 0 0
14%
41 Javier Pinola Left-Back 1 0 0
14%
38 Jonathan Silva Left-Back 2 0 0
14%
44 Leonel Vangioni Left-Back 1 0 1
14%
40 Lucas Orbán Centre-Back 1 0 0
14%
18 Nico Gaitán Attacking Midfield 10 2 3
14%
No matching quizzes found
Score Distribution
Percent of People with Each Score
Percentile by Number Answered
Your Score History
You have not taken this quiz